Sborník z Konference epidemiologů AČR s mezinárodní účastí na téma: problematika dezinfekce, dezinsekce, deratizace, sterilizace; bioterorismus; aktuální otázky v epidemiologii : 23.-24. dubna 2003, Vojenská lékařská akademie J.E. Purkyně v Hradci Králové /

Korporativní autor: Vojenská lékařská akademie Jana Evangelisty Purkyně. Katedra epidemiologie
Další autoři: Konference epidemiologů Armády České republiky s mezinárodní účastí, Hartmanová, Marie, 1945-, Chlíbek, Roman, 1965-
Jazyk: Čeština
Vydáno: V Hradci Králové : Vojenská lékařská akademie J.E. Purkyně, 2003
Vydání: Vyd. 1.
Témata:
Externí odkaz: Digitalizovaný dokument
Fyzický popis: 109 s. : il. ; 30 cm
Knihy
Uloženo v:
LEADER 02768nam a2200577 a 4500
001 cpk20031277018
003 CZ PrNK
005 20230708125130.0
007 tu
008 031014s2003 xr a e 100 0 cze
015 |a cnb001277018 
020 |a 80-85109-67-0  |q (brož.) :  |c neprodejné 
035 |a (OCoLC)53859340 
040 |a ABA001  |b cze 
072 7 |a 614  |x Veřejné zdraví a hygiena  |2 Konspekt  |9 14 
080 |a 616-036.22  |2 MRF 
080 |a 614.48  |2 MRF 
080 |a 614.449  |2 MRF 
080 |a 323.28:616-022.6/.7  |2 MRF 
080 |a (062.534)  |2 MRF 
111 2 |a Konference epidemiologů Armády České republiky s mezinárodní účastí  |d (2003 :  |c Hradec Králové, Česko)  |7 mzk2002191940 
245 1 0 |a Sborník z Konference epidemiologů AČR s mezinárodní účastí na téma: problematika dezinfekce, dezinsekce, deratizace, sterilizace; bioterorismus; aktuální otázky v epidemiologii :  |b 23.-24. dubna 2003, Vojenská lékařská akademie J.E. Purkyně v Hradci Králové /  |c [sestavil Roman Chlíbek, Marie Hartmanová] 
246 3 3 |a Problematika dezinfekce, dezinsekce, deratizace, sterilizace; bioterorismus; aktuální otázky v epidemiologii 
250 |a Vyd. 1. 
260 |a V Hradci Králové :  |b Vojenská lékařská akademie J.E. Purkyně,  |c 2003 
300 |a 109 s. :  |b il. ;  |c 30 cm 
500 |a Nad názvem: Vojenská lékařská akademie Jana Evangelisty Purkyně v Hradci Králové, Katedra epidemiologie 
500 |a 200 výt. 
541 |c pv-r 
650 0 7 |a deratizace  |7 ph135710  |2 czenas 
650 0 7 |a sterilizace (hygiena)  |7 ph126104  |2 czenas 
650 0 7 |a biologický terorismus  |7 ph139307  |2 czenas 
650 0 7 |a epidemiologie  |7 ph114481  |2 czenas 
650 0 7 |a dezinfekce  |7 ph134753  |2 czenas 
650 0 7 |a dezinsekce  |7 ph135709  |2 czenas 
650 0 9 |a epidemiology  |2 eczenas 
650 0 9 |a disinfection  |2 eczenas 
650 0 9 |a desinsection  |2 eczenas 
650 0 9 |a deratization  |2 eczenas 
650 0 9 |a bioterrorism  |2 eczenas 
655 7 |a sborníky konferencí  |7 fd133333  |2 czenas 
655 9 |a proceedings of conferences  |2 eczenas 
700 1 |a Hartmanová, Marie,  |d 1945-  |7 mzk2003191938  |4 edt 
700 1 |a Chlíbek, Roman,  |d 1965-  |7 mzk2003191937  |4 edt 
710 2 |a Vojenská lékařská akademie Jana Evangelisty Purkyně.  |b Katedra epidemiologie  |7 kn20031014005 
856 4 1 |u http://www.digitalniknihovna.cz/mzk/uuid/uuid:197605f0-51c1-11e3-bc9f-5ef3fc9bb22f  |y Digitalizovaný dokument  |x NDK 
910 |a BOA001  |b 3-1121.692 
990 |a BK 
995 |a 01 
996 6 |b 2610195211  |c 3-1121.692  |d 2003  |y 2003  |l MZK  |r Sklad / do 1 hodiny  |n 4  |p p.v.  |w 000676796  |u 000010  |a 1  |e BOA001  |j MZK50  |s P 
996 6 |b 2610289575  |c 3-1121.692  |d 2006  |v 2006  |y 2006  |l MZK  |r Sklad / do 1 hodiny  |n 3  |p p.v.  |w 000676796  |u 000020  |a 1  |e BOA001  |j MZK50  |s P